Nghiên cứu nhân giống in vitro cây mật nhân (Eurycoma longifolia Jack)
Khảo sát hiệu quả khử trùng của các dung dịch HgCl2 (0,1%) và NaClO (5,25%) đối với hạt mật nhân. Khảo sát ảnh hưởng của KIN và BA đến khả năng nảy mầm của hạt mật nhân. Khảo sát ảnh hưởng của KIN đến khả năng tái sinh chồi in vitro cây mật nhân. Khảo sát ảnh hưởng của KIN và IBA đến khả năng tạo rễ...
Tallennettuna:
| Päätekijä: | |
|---|---|
| Muut tekijät: | |
| Aineistotyyppi: | Kirja |
| Julkaistu: |
Đà Nẵng
Đại học Sư phạm, Đại học Đà Nẵng
2012
|
| Aiheet: | |
| Tagit: |
Lisää tagi
Ei tageja, Lisää ensimmäinen tagi!
|
| Thư viện lưu trữ: | Mạng thư viện Đại học Đà Nẵng |
|---|
| LEADER | 01972nam a2200337 4500 | ||
|---|---|---|---|
| 001 | 000017332 | ||
| 003 | 13748 | ||
| 005 | 20130329140354.0 | ||
| 008 | 130329s2012 sd | ||
| 082 | |a 633.88 |b PH-D | ||
| 100 | 1 | |a Phạm Thị Xuân Diệu | |
| 245 | |a Nghiên cứu nhân giống in vitro cây mật nhân (Eurycoma longifolia Jack) |c Phạm Thị Xuân Diệu ; Võ Châu Tuấn hướng dẫn |k Khóa luận tốt nghiệp | ||
| 260 | |a Đà Nẵng |b Đại học Sư phạm, Đại học Đà Nẵng |c 2012 | ||
| 300 | |a 31 tr., phụ lục 2 tr. |b Hình mh. |c 29 cm. |e Đĩa CD, bản tóm tắt | ||
| 500 | |a Khóa luận tốt nghiệp đại học. Chuyên ngành: Cử nhân Sinh môi trường | ||
| 504 | |a Mục lục đầu trang, tài liệu tham khảo tr. 73 - 74, phụ lục [13 tr.] | ||
| 520 | |a Khảo sát hiệu quả khử trùng của các dung dịch HgCl2 (0,1%) và NaClO (5,25%) đối với hạt mật nhân. Khảo sát ảnh hưởng của KIN và BA đến khả năng nảy mầm của hạt mật nhân. Khảo sát ảnh hưởng của KIN đến khả năng tái sinh chồi in vitro cây mật nhân. Khảo sát ảnh hưởng của KIN và IBA đến khả năng tạo rễ in vitro cây mật nhân. | ||
| 600 | 1 | 4 | |b Vua |c Đinh Tiên Hoàng |
| 650 | 0 | 4 | |a Cây mật nhân |a Nhân giống In Vitro |v Khóa luận tốt nghiệp |x Nghiên cứu |
| 653 | |a Nhân giống In Vitro |a Cây mật nhân | ||
| 700 | |a Võ Châu Tuấn |e Hướng dẫn | ||
| OWN | |a LSP | ||
| AVA | |a UDN50 |b LSP |d 633.88 PH-D |e available |t Error 5001 Not defined in file expand_doc_bib_avail. |f 1 |g 0 |h N |i 0 |k 1 | ||
| 999 | |a From the UDN01 | ||
| AVA | |a UDN50 |b LSP |d 633.88 PH-D |e available |t Error 5001 Not defined in file expand_doc_bib_avail. |f 1 |g 0 |h N |i 0 |k 1 | ||
| TYP | |a Monograph | ||
| TYP | |a Printed language | ||
| 980 | |a Mạng thư viện Đại học Đà Nẵng | ||